| 000 | 00648nam a22001937a 4500 | ||
|---|---|---|---|
| 003 | OSt | ||
| 005 | 20251104092019.0 | ||
| 008 | 251104b |||||||| |||| 00| 0 eng d | ||
| 020 | _a0-314-20146-7. | ||
| 040 |
_aDWCL-Main lib _cOC |
||
| 082 |
_2Revised 2nd ed. _aCirc. 910 En58g 1997 |
||
| 100 | _aEnglish, Paul Ward | ||
| 245 |
_aGeography : _bpeople and places in a changing world Rev. 2nd ed. _cEnglish, Paul Ward |
||
| 260 |
_aIll. : _bNTC/Contemporary Pub. Group, _cc1997. |
||
| 300 |
_axxxii, 734 pages : _bcolored illustration ; _c26 cm. |
||
| 504 | _aIncludes index. | ||
| 650 | _21. Geography. | ||
| 942 |
_2ddc _cBK-CIRC _eRev. 2nd ed. _kCirc. _n0 |
||
| 999 |
_c5440 _d5440 |
||